banner koha

Epocas de plantio e de inducao floral em abacaxizeiro perola [Ananas comosus, Espirito Santo] (Registro n. 279245)

MARC details
000 -LÍDER
campo de controle de tamanho fixo 01086nac a22003257a 4500
001 - NÚMERO DE CONTROLE
campo de controle BR8602093
003 - IDENTIFICADOR DO NÚMERO DE CONTROLE
campo de controle BR-BrBNA
005 - DATA E HORÁRIO DA ÚLTIMA TRANSAÇÃO
campo de controle 20240105120410.0
008 - CAMPO DE DADOS FIXOS--INFORMAÇÃO GERAL
campo de controle de tamanho fixo 230509b bl.|||m| |||| 00| 0 por d
040 ## - FONTE DA CATALOGAÇÃO
Instituição da catalogação original BR-BrBNA
Idioma da catalogação por
Instituição que transcreveu o registro Biblioteca Nacional de Agricultura
072 ## - CÓDIGO DE CATEGORIA DE ASSUNTO
Código de Categoria de Assunto F01
090 ## - NÚMERO DE CHAMADA LOCAL
Número de chamada 1126 BR8602093
100 1# - ENTRADA PRINCIPAL--NOME PESSOAL
Nome pessoal Rocha, A.C. da
100 1# - ENTRADA PRINCIPAL--NOME PESSOAL
Nome pessoal Iuchi, V.L.
100 1# - ENTRADA PRINCIPAL--NOME PESSOAL
Nome pessoal Ventura, J.A.
110 1# - ENTRADA PRINCIPAL--NOME CORPORATIVO
Nome corporativo ou nome da jurisdição Empresa Capixaba de Pesquisa Agropecuaria, Cariacica, ES (Brasil)
9 (RLIN) 3951
245 1# - TÍTULO
Título Epocas de plantio e de inducao floral em abacaxizeiro perola [Ananas comosus, Espirito Santo]
246 1# - FORMA VARIANTE DO TÍTULO
Título/título abreviado [Planting and floral induction times in pineapple pearl cultivar]
260 3# - PUBLICAÇÃO, DISTRIBUIÇÃO, ETC.
Local de publicação, distribuição, etc. Cariacica, ES (Brasil):
Data da publicação, distribuição, etc. 1985.
300 ## - DESCRIÇÃO FÍSICA
Extensão 5 p.
490 ## - TÍTULO DA SÉRIE
Título da série Pesquisa em Andamento - Empresa Capixaba de Pesquisa Agropecuaria (Brazil)
Número do volume ou designação sequencial da série no. 34
ISSN - International Standard Serial Number ISSN 0101-5834
650 ## - ASSUNTO--TERMO TÓPICO
Cabeçalho tópico ou nome geográfico ABACAXI
650 ## - ASSUNTO--TERMO TÓPICO
Cabeçalho tópico ou nome geográfico VARIEDADE
650 ## - ASSUNTO--TERMO TÓPICO
Cabeçalho tópico ou nome geográfico PLANTIO
650 ## - ASSUNTO--TERMO TÓPICO
Cabeçalho tópico ou nome geográfico FLORACAO
650 ## - ASSUNTO--TERMO TÓPICO
Cabeçalho tópico ou nome geográfico INDUCAO
650 ## - ASSUNTO--TERMO TÓPICO
Cabeçalho tópico ou nome geográfico ESPIRITO SANTO
909 ## -
-- 202312
-- Lúcia Elande
-- 55
-- Lúcia Elande
942 ## - ELEMENTOS DE ENTRADA ADICIONADOS (KOHA)
Fonte da classificação ou esquema de arquivamento na estante Classificação AGRIS
Ocultar no OPAC Não
Tipo de material Koha Monografia Seriada
Exemplares
Situação do descarte Fonte da classificação ou esquema de arquivamento na estante Situação física Não pode ser emprestado Coleção Biblioteca de origem Biblioteca atual Localização na estante Total de empréstimos Número de telefone completo Código de barras Data de último acesso Tipo de material Koha Fonte de aquisição
  Classificação AGRIS       Biblioteca Nacional de Agricultura - Binagri Biblioteca Nacional de Agricultura - Binagri Agrobase - Acervo Geral   1126 BR8602093 1126 BR8602093 18/12/2023 Monografia Seriada Portaria Interministerial nº 164/94

BINAGRI

Telefone: (61)3218-2567/2388/3357/2097 - binagri@agro.gov.br

Ministério da Agricultura e Pecuária , Esplanada dos Ministérios, Bloco D, Anexo B, Brasília/DF, CEP: 70.043-900